000 01991nam0a2200337 4500
001 RU\NLR\bibl\1415818
005 20260405210048.0
010 _a978-5-94211-386-5
_9200
021 _aRU
_b2009-56377
_93477
035 _a(nilc)RSL-KNO-004356395
035 _a(NLR Aleph) 001407783
090 _a1263052
_c1263052
100 _a20090709d2009 |||y0rusy50 ca
101 0 _arus
102 _aRU
105 _aa |||||||||
200 1 _aЛитология
_eпетрография осадочных пород
_eучебное пособие
_e[для студентов специальности 130306 "Прикладная геохимия, петрология, минералогия"]
_fМ. А. Иванов, В. И. Алексеев
_gФедеральное агентство по образованию, Гос. образовательное учреждение высш. проф. образования Санкт-Петербургский гос. горный ин-т им. Г. В. Плеханова (технический ун-т)
210 _aСанкт-Петербург
_cСанкт-Петербургский государственный горный институт
_d2009
215 _a85, [3] с.
_cил.
_d20
320 _aБиблиогр. в конце кн.
606 1 _aЛитология
_jУчебные издания для высших учебных заведений
_91508580
_3RU\NLR\auth\66654609
686 _aД344я73-1
_2rubbk
686 _aД344я73
700 1 _4070
_7ca
_8rus
_aИванов
_bМ. А.
_cд-р геол.-минерал. наук
_gМихаил Александрович
_976186
_3RU\NLR\auth\7793260
701 1 _4070
_7ca
_8rus
_aАлексеев
_bВ. И.
_cканд. геол.-минерал. наук
_gВиктор Иванович
_976187
_3RU\NLR\auth\7793261
801 0 _aRU
_bРГБ
_c20090709
_grcr
801 1 _aRU
_bРГБ
_c20090709
801 2 _aRU
_bNLR
_c20090923
_grcr
942 _cBOOK
980 _aNB